Reliez les Ministres de l'Intérieur à leur Président (Ve République) - Statistiques

Statistiques générales
  • Ce quiz a été pris 242 fois
    91 depuis la dernière actualisation
  • Le résultat moyen est 11 sur 24
Statistiques - réponses
Hint Réponse % Correct
Bruno Retailleau Emmanuel Macron
94%
Gérald Darmanin Emmanuel Macron
92%
Christophe Castaner Emmanuel Macron
81%
Nicolas Sarkozy Jacques Chirac
79%
Manuel Valls François Hollande
77%
Dominique de Villepin Jacques Chirac
77%
Bernard Cazeneuve François Hollande
75%
Gérard Collomb Emmanuel Macron
52%
Brice Hortefeux Nicolas Sarkozy
46%
Claude Guéant Nicolas Sarkozy
42%
Michel Poniatowski Valéry Giscard d'Estaing
38%
Jean-Louis Debré Jacques Chirac
35%
Roger Frey Charles de Gaulle
33%
Pierre Joxe François Mitterrand
33%
Gaston Defferre François Mitterrand
31%
Charles Pasqua François Mitterrand
27%
François Baroin Jacques Chirac
27%
Pierre Chatenet Charles de Gaulle
25%
Jean-Pierre Chevènement Jacques Chirac
25%
Michèle Alliot-Marie Nicolas Sarkozy
23%
Philippe Marchand François Mitterrand
21%
Raymond Marcellin Georges Pompidou
21%
Christian Bonnet Valéry Giscard d'Estaing
19%
Daniel Vaillant Jacques Chirac
10%
Aucun quiz correspondant
Distribution des résultats
% des personnes avec chaque résultat
Percentile par nombre de réponses
Votre historique - résultats
Vous n’avez pas pris ce quiz depuis la dernière actualisation